000 00625nam a22002057a 4500
999 _c3581
_d3581
003 AR-CdUCM
008 190306b ||||| |||| 00| 0 spa d
020 _a978-612-00-0890-4
040 _aMUNICIPALIDAD PROVINCIAL DEL CUSCO
_cBIBLIOTECA MUNICIPAL DEL CUSCO
082 _a869.57 /
_bG15
100 _aGallegos Salazar, Vanessa Ines
_911725
245 _aEl Apocalipsis de la Luz /
260 _aCusco :
_bDanny's Graff ;
_c2012.
300 _a200 páginas ;
_c21cm
505 _aContenido: Novela
650 _aLiteratura cusqueña
_9164
650 _aLiteratura siglo XXI
_911726
942 _2ddc
_cLIBROS
945 _anom